[Event "TUR-chT"]
[Site "Ankara"]
[Date "2024.07.26"]
[Round "15.17"]
[White "Allahverdiyeva, Ayan"]
[Black "Aydin, Gulenay"]
[Result "1/2-1/2"]
[WhiteElo "2180"]
[BlackElo "2029"]
[PlyCount "144"]
[EventDate "2024.07.14"]
[EventType "team-tourn"]
[EventRounds "15"]
[EventCountry "TUR"]
[SourceTitle "EXT 2025"]
[Source "ChessBase"]
[SourceDate "2024.10.14"]
[SourceVersion "1"]
[SourceVersionDate "2024.10.14"]
[SourceQuality "1"]
[WhiteTeam "Burhaniye"]
[BlackTeam "Darassufaka Spor"]
[WhiteTeamCountry "TUN"]
[BlackTeamCountry "TUR"]

1. e4 c5 2. Nf3 e6 3. d4 cxd4 4. Nxd4 Nc6 5. Nc3 Qc7 6. Be3 a6 7. Qf3 b5 8. Qg3 Qxg3 9. hxg3 Nxd4 10. Bxd4 Bb7 11. f3 Ne7 12. 0-0-0 Bc6 13. g4 f6 14. Kd2 b4 15. Nb1 Bb5 16. Kc1 d5 17. exd5 Nxd5 18. Nd2 Kf7 19. Ne4 Be7 20. g3 Bxf1 21. Rdxf1 Rac8 22. Rd1 Rc6 23. Rd2 a5 24. f4 a4 25. g5 b3 26. Kb1 bxc2+ 27. Rxc2 Rxc2 28. Kxc2 fxg5 29. fxg5 Rc8+ 30. Kd2 Kg6 31. a3 Rf8 32. Rc1 Bxg5+ 33. Nxg5 Kxg5 34. Bxg7 Rf2+ 35. Ke1 Rg2 36. Rc4 Rxg3 37. Rxa4 Kf5 38. Ra7 h5 39. Bh8 h4 40. Rh7 h3 41. a4 Nf4 42. Kf2 Rg2+ 43. Kf3 e5 44. Bxe5 Kxe5 45. Rxh3 Rxb2 46. Rh8 Rb3+ 47. Kg4 Rb4 48. Kf3 Rxa4 49. Re8+ Ne6 50. Ke3 Ra3+ 51. Kd2 Kd5 52. Re7 Nc5 53. Re8 Ne6 54. Re7 Nf4 55. Rf7 Ke4 56. Re7+ Kd4 57. Rd7+ Nd5 58. Ke2 Ke4 59. Kf2 Rf3+ 60. Ke2 Re3+ 61. Kf2 Rf3+ 62. Ke2 Nf4+ 63. Kd2 Rf2+ 64. Kc3 Nd5+ 65. Kb3 Kd4 66. Rd8 Rg2 67. Rc8 Rg7 68. Rd8 Rc7 69. Kb2 Kc4 70. Kc2 Kd4+ 71. Kb2 Rh7 72. Kc2 Rc7+ 1/2-1/2

[Event "TUR-chT"]
[Site "Ankara"]
[Date "2024.07.25"]
[Round "14.41"]
[White "Aydin, Gulenay"]
[Black "Mammadova, Narmin Fazahir Qizi"]
[Result "1/2-1/2"]
[WhiteElo "2029"]
[BlackElo "2277"]
[PlyCount "34"]
[EventDate "2024.07.14"]
[EventType "team-tourn"]
[EventRounds "15"]
[EventCountry "TUR"]
[SourceTitle "EXT 2025"]
[Source "ChessBase"]
[SourceDate "2024.10.14"]
[SourceVersion "1"]
[SourceVersionDate "2024.10.14"]
[SourceQuality "1"]
[WhiteTeam "Darassufaka Spor"]
[BlackTeam "Rota Koleji Dernegi"]
[WhiteTeamCountry "TUR"]
[BlackTeamCountry "TUR"]

1. e4 e6 2. d4 d5 3. Nd2 c5 4. Ngf3 cxd4 5. Nxd4 Nf6 6. e5 Nfd7 7. N2f3 Nc6 8. Bf4 Be7 9. c3 g5 10. Nxg5 Nxd4 11. Nxf7 Nc2+ 12. Kd2 Kxf7 13. Qh5+ Kg8 14. Qg4+ Kf7 15. Qh5+ Kg8 16. Qg4+ Kf7 17. Qh5+ Kg8 1/2-1/2

[Event "TUR-chT"]
[Site "Ankara"]
[Date "2024.07.21"]
[Round "10.5"]
[White "Seker, Bilgesu"]
[Black "Aydin, Gulenay"]
[Result "1/2-1/2"]
[WhiteElo "1894"]
[BlackElo "2029"]
[PlyCount "108"]
[EventDate "2024.07.14"]
[EventType "team-tourn"]
[EventRounds "15"]
[EventCountry "TUR"]
[SourceTitle "EXT 2025"]
[Source "ChessBase"]
[SourceDate "2024.10.14"]
[SourceVersion "1"]
[SourceVersionDate "2024.10.14"]
[SourceQuality "1"]
[WhiteTeam "Beyazkale Dernegi"]
[BlackTeam "Darassufaka Spor"]
[WhiteTeamCountry "TUR"]
[BlackTeamCountry "TUR"]

1. Nf3 Nf6 2. g3 e6 3. Bg2 d5 4. c4 Be7 5. b3 0-0 6. Bb2 c5 7. cxd5 exd5 8. d4 b6 9. 0-0 Bb7 10. e3 Nbd7 11. Nc3 Rc8 12. Rc1 Qc7 13. dxc5 bxc5 14. Qe2 Rfd8 15. Rfd1 Qa5 16. Nh4 Nb6 17. a3 Bf8 18. Qc2 g6 19. Nf3 d4 20. exd4 Bxf3 21. Bxf3 cxd4 22. Qb1 Bh6 23. Ne4 Bxc1 24. Nxf6+ Kg7 25. b4 Qg5 26. Nh5+ gxh5 27. Bxc1 Qg6 28. Be4 Qg4 29. Bf4 Qe2 30. Bxh7 Nd5 31. Re1 Qxe1+ 32. Qxe1 Nxf4 33. Qe5+ Kxh7 34. Qxf4 Kg8 35. Qg5+ Kf8 36. Qxh5 d3 37. Qh8+ Ke7 38. Qe5+ Kd7 39. Qd5+ Kc7 40. Qxf7+ Kb6 41. Qf6+ Kb5 42. a4+ Kxa4 43. Qa1+ Kxb4 44. Qb2+ Ka4 45. Qa2+ Kb5 46. Qb3+ Ka6 47. Qe6+ Kb7 48. Qe7+ Kc6 49. Qf6+ Rd6 50. Qc3+ Kd7 51. Qg7+ Kd8 52. Qf8+ Kc7 53. Qe7+ Kc6 54. Qe4+ Kd7 1/2-1/2

[Event "TUR-chT"]
[Site "Ankara"]
[Date "2024.07.14"]
[Round "1.35"]
[White "Aydin, Gulenay"]
[Black "Priyanka, Nutakki"]
[Result "1/2-1/2"]
[WhiteElo "2029"]
[BlackElo "2322"]
[PlyCount "81"]
[EventDate "2024.07.14"]
[EventType "team-tourn"]
[EventRounds "15"]
[EventCountry "TUR"]
[SourceTitle "EXT 2025"]
[Source "ChessBase"]
[SourceDate "2024.10.14"]
[SourceVersion "1"]
[SourceVersionDate "2024.10.14"]
[SourceQuality "1"]
[WhiteTeam "Darassufaka Spor"]
[BlackTeam "Apaydin"]
[WhiteTeamCountry "TUR"]
[BlackTeamCountry "TUR"]

1. e4 c6 2. Nf3 d5 3. d3 dxe4 4. dxe4 Qxd1+ 5. Kxd1 Nf6 6. Nbd2 g6 7. Ne5 Bh6 8. f3 Be6 9. a4 Nfd7 10. Nxd7 Nxd7 11. Nc4 Bxc1 12. Kxc1 f6 13. Be2 Kf7 14. Kd2 g5 15. Ke3 h5 16. b4 h4 17. Rhd1 Rhc8 18. Na5 b6 19. Nb3 Ne5 20. g3 Bc4 21. f4 gxf4+ 22. gxf4 Bxe2 23. Kxe2 Ng4 24. Rg1 Nh6 25. a5 c5 26. axb6 axb6 27. Rxa8 Rxa8 28. bxc5 bxc5 29. f5 e6 30. fxe6+ Kxe6 31. Nxc5+ Ke5 32. Ke3 Ra2 33. Nd3+ Ke6 34. Rg6 Nf7 35. Nf4+ Ke5 36. Nd3+ Ke6 37. Rg2 Nd6 38. Rg4 Rxc2 39. Rxh4 Rc4 40. Rf4 Rc2 41. Rf2 1/2-1/2

[Event "Titled Tuesday intern op 09th Jul Early"]
[Site "Chess.com INT"]
[Date "2024.07.09"]
[Round "2"]
[White "Ince, Safiye Oyku"]
[Black "Aydin, Gulenay"]
[Result "0-1"]
[WhiteElo "1990"]
[BlackElo "2029"]
[PlyCount "126"]
[EventDate "2024.07.09"]
[EventType "swiss (blitz)"]
[EventRounds "11"]
[EventCountry "USA"]
[SourceTitle "EXT 2025"]
[Source "ChessBase"]
[SourceDate "2024.10.14"]
[SourceVersion "1"]
[SourceVersionDate "2024.10.14"]
[SourceQuality "1"]

1. d4 Nf6 2. c4 g6 3. Nc3 Bg7 4. e4 d6 5. h3 0-0 6. Be3 c5 7. d5 e6 8. f3 exd5 9. cxd5 a6 10. a4 Re8 11. Nge2 Nbd7 12. Ng3 Rb8 13. Qd2 Nf8 14. Bd3 Bd7 15. 0-0 b5 16. axb5 axb5 17. f4 b4 18. Nce2 Bb5 19. e5 dxe5 20. fxe5 Nxd5 21. Bxc5 Bxe5 22. Ne4 Nf6 23. Bxb5 Nxe4 24. Qxd8 Rexd8 25. Bxf8 Rxf8 26. Bc6 Ng3 27. Nxg3 Bxg3 28. Ra7 Be5 29. Kh1 Bxb2 30. Bd5 Bg7 31. Raxf7 Rxf7 32. Rxf7 Kh8 33. Bb3 Be5 34. g4 Bg7 35. Kg2 Rf8 36. Rxf8+ Bxf8 37. Kf3 Bg7 38. Ke4 Bc3 39. Kd5 Kg7 40. Ke6 Kh6 41. h4 Be1 42. h5 gxh5 43. gxh5 Kxh5 44. Kf5 Kh4 45. Kf4 h5 46. Kf3 Kg5 47. Be6 Bc3 48. Kg2 Kf4 49. Bb3 Ke3 50. Kh3 Bf6 51. Bf7 h4 52. Kg4 Ke2 53. Kf5 h3 54. Bc4+ Kf2 55. Kg4 h2 56. Bd5 b3 57. Kh3 b2 58. Be4 h1Q+ 59. Bxh1 b1Q 60. Be4 Qb4 61. Bf5 Qc3+ 62. Kg4 Qg3+ 63. Kh5 Qg5# 0-1

[Event "Titled Tuesday intern op 09th Jul Early"]
[Site "Chess.com INT"]
[Date "2024.07.09"]
[Round "3"]
[White "Klimchuk, Andriy"]
[Black "Aydin, Gulenay"]
[Result "1-0"]
[WhiteElo "2405"]
[BlackElo "2029"]
[PlyCount "41"]
[EventDate "2024.07.09"]
[EventType "swiss (blitz)"]
[EventRounds "11"]
[EventCountry "USA"]
[SourceTitle "EXT 2025"]
[Source "ChessBase"]
[SourceDate "2024.10.14"]
[SourceVersion "1"]
[SourceVersionDate "2024.10.14"]
[SourceQuality "1"]

1. e4 c5 2. Nf3 d6 3. d4 cxd4 4. Nxd4 Nf6 5. f3 g6 6. Bb5+ Bd7 7. c4 Bg7 8. Be3 0-0 9. Bxd7 Qxd7 10. Nc3 Nc6 11. 0-0 Rfc8 12. b3 a6 13. a4 Qd8 14. Qd2 Qa5 15. Rfd1 Nxd4 16. Bxd4 Nd7 17. Nd5 Bxd4+ 18. Qxd4 e6 19. Ne7+ Kf8 20. Nxc8 Rxc8 21. Qh8+ 1-0